000 00397nam a2200169Ia 4500
008 231217s9999 xx 000 0 und d
020 _a8178815249
041 _aEnglish
082 _a658.87 SUR;1 R
100 _aSuresh, K ed.
245 0 _aIT Enabled retailing
250 _a1st ed.
260 _c2005
_bICFAI Press
_aHyderabad
300 _aviii, 202
650 _aICFAI
942 _cAA
999 _c181506
_d181506